<?xml version="1.0" encoding="UTF-8"?>
<record
    xmlns:xsi="http://www.w3.org/2001/XMLSchema-instance"
    xsi:schemaLocation="http://www.loc.gov/MARC21/slim http://www.loc.gov/standards/marcxml/schema/MARC21slim.xsd"
    xmlns="http://www.loc.gov/MARC21/slim">

  <leader>01885nam a2200301   4500</leader>
  <controlfield tag="001">104</controlfield>
  <controlfield tag="003">OSt</controlfield>
  <controlfield tag="005">20250528074012.0</controlfield>
  <controlfield tag="008">250127b        |||||||e |||| 00| 1 eng d</controlfield>
  <datafield tag="040" ind1=" " ind2=" ">
    <subfield code="b">por</subfield>
  </datafield>
  <datafield tag="041" ind1=" " ind2=" ">
    <subfield code="h">eng</subfield>
    <subfield code="a">por</subfield>
  </datafield>
  <datafield tag="082" ind1=" " ind2=" ">
    <subfield code="a">813</subfield>
    <subfield code="b">C255g</subfield>
  </datafield>
  <datafield tag="100" ind1="1" ind2=" ">
    <subfield code="a">Caputo, Philip</subfield>
    <subfield code="d">1941-</subfield>
    <subfield code="9">227</subfield>
  </datafield>
  <datafield tag="240" ind1=" " ind2=" ">
    <subfield code="a">Delcorso&#xB4;s gallery</subfield>
  </datafield>
  <datafield tag="245" ind1=" " ind2=" ">
    <subfield code="a">A galeria Delcorso /</subfield>
    <subfield code="c">Caputo, Philip ; Tradu&#xE7;&#xE3;o de Reinaldo Guarany e Luisa Iba&#xF1;ez</subfield>
  </datafield>
  <datafield tag="260" ind1=" " ind2=" ">
    <subfield code="a">S&#xE3;o Paulo</subfield>
    <subfield code="b">C&#xED;rculo do Livro</subfield>
    <subfield code="c">1987</subfield>
  </datafield>
  <datafield tag="300" ind1=" " ind2=" ">
    <subfield code="a">374 p.</subfield>
  </datafield>
  <datafield tag="520" ind1=" " ind2=" ">
    <subfield code="a">Um romance cl&#xE1;ssico sobre o Vietn&#xE3; e suas consequ&#xEA;ncias de Philip Caputo, cujo livro de mem&#xF3;rias vencedor do Pr&#xEA;mio Pulitzer, A Rumor of War, &#xE9; amplamente considerado um dos melhores j&#xE1; escritos sobre a experi&#xEA;ncia da guerra.

Aos trinta e tr&#xEA;s anos, Nick DelCorso &#xE9; um premiado fot&#xF3;grafo de guerra que viu a&#xE7;&#xE3;o e desviou de balas em todo o mundo - mais notavelmente no Vietn&#xE3;, onde serviu como fot&#xF3;grafo do Ex&#xE9;rcito e registrou cenas de combate cujos horrores ainda n&#xE3;o desapareceram de sua mem&#xF3;ria. Quando ele &#xE9; chamado de volta ao Vietn&#xE3; em miss&#xE3;o durante uma tentativa norte-vietnamita de tomar Saigon, ele se depara com uma defini&#xE7;&#xE3;o: ele deve honrar o compromisso que fez com sua esposa de n&#xE3;o se colocar em mais perigo pelo bem de sua carreira, ou seguir sua ambi&#xE7;&#xE3;o de volta para a terra devastada pela guerra que ainda assombra seus sonhos? O que se segue &#xE9; uma hist&#xF3;ria fascinante de guerra em duas frentes, Saigon e Beirute, que testar&#xE1; a f&#xE9; de DelCorso n&#xE3;o apenas em si mesmo, mas nos instintos mais nobres dos homens.</subfield>
  </datafield>
  <datafield tag="650" ind1=" " ind2="0">
    <subfield code="a">Literatura Americana</subfield>
    <subfield code="9">84</subfield>
  </datafield>
  <datafield tag="650" ind1=" " ind2="0">
    <subfield code="a">Guerra</subfield>
    <subfield code="9">30</subfield>
  </datafield>
  <datafield tag="650" ind1=" " ind2="0">
    <subfield code="a">Drama</subfield>
    <subfield code="9">18</subfield>
  </datafield>
  <datafield tag="650" ind1=" " ind2="0">
    <subfield code="a">Experi&#xEA;ncia de vida</subfield>
    <subfield code="9">188</subfield>
  </datafield>
  <datafield tag="655" ind1=" " ind2="0">
    <subfield code="a">Romance</subfield>
    <subfield code="9">23</subfield>
  </datafield>
  <datafield tag="655" ind1=" " ind2="0">
    <subfield code="a">Fic&#xE7;&#xE3;o </subfield>
    <subfield code="9">22</subfield>
  </datafield>
  <datafield tag="700" ind1=" " ind2=" ">
    <subfield code="a">Reinaldo Guarany</subfield>
    <subfield code="e">Tradutor</subfield>
    <subfield code="9">228</subfield>
  </datafield>
  <datafield tag="700" ind1=" " ind2=" ">
    <subfield code="a">Luisa Iba&#xF1;ez</subfield>
    <subfield code="e">Tradutor</subfield>
    <subfield code="9">229</subfield>
  </datafield>
  <datafield tag="942" ind1=" " ind2=" ">
    <subfield code="2">ddc</subfield>
    <subfield code="n">0</subfield>
    <subfield code="c">BK</subfield>
  </datafield>
  <datafield tag="952" ind1=" " ind2=" ">
    <subfield code="0">0</subfield>
    <subfield code="1">0</subfield>
    <subfield code="2">ddc</subfield>
    <subfield code="4">0</subfield>
    <subfield code="7">0</subfield>
    <subfield code="8">FIC</subfield>
    <subfield code="a">BIBIB</subfield>
    <subfield code="b">BIBIB</subfield>
    <subfield code="c">LE</subfield>
    <subfield code="d">2017-05-23</subfield>
    <subfield code="e">doa&#xE7;&#xE3;o</subfield>
    <subfield code="l">0</subfield>
    <subfield code="o">813 / C255g</subfield>
    <subfield code="p">2025-15615</subfield>
    <subfield code="r">2025-01-27 07:33:12</subfield>
    <subfield code="w">2025-01-27</subfield>
    <subfield code="y">BK</subfield>
  </datafield>
  <datafield tag="999" ind1=" " ind2=" ">
    <subfield code="c">104</subfield>
    <subfield code="d">104</subfield>
  </datafield>
</record>
